The process of economic growth

Uloženo v:
Podrobná bibliografie
Hlavní autor: Rostow, W. W.
Médium: Kniha
Jazyk:Undetermined
Vydáno: Oxford The Clarendon Press 1960
Témata:
Tagy: Přidat tag
Žádné tagy, Buďte první, kdo otaguje tento záznam!
Thư viện lưu trữ: Trung tâm Học liệu Trường Đại học Cần Thơ
LEADER 00450nam a2200169Ia 4500
001 CTU_79548
008 210402s9999 xx 000 0 und d
082 |a 330.1 
082 |b R839 
100 |a Rostow, W. W. 
245 4 |a The process of economic growth 
245 0 |c W. W. Rostow 
260 |a Oxford 
260 |b The Clarendon Press 
260 |c 1960 
650 |a Economic development 
980 |a Trung tâm Học liệu Trường Đại học Cần Thơ